Hidroterapia: la cura por el agua (Registro nro. 1375)
[ vista simple ]
| 000 -Cabecera | |
|---|---|
| Campo de control de longitud fija | 00529aam a2200217 4500 |
| 005 - Fecha y hora de la última transacción | |
| Campo de control | 20250731162808.0 |
| 008 - Elementos de longitud fija--Información general | |
| Campo de control de longitud fija | 150617b2000 xxu||||| |||| 00| 0 spa d |
| 020 ## - International Standard Book Number | |
| Número Internacional Estándar del Libro (ISBN) | 9706662537 |
| 041 ## - Idioma | |
| Código de idioma | Español |
| 082 ## - Clasificación Decimal Dewey | |
| Número de clasificación | 615.853 M828h |
| 100 ## - Entrada principal--Autor personal | |
| Nombre personal | Morales, Yolanda |
| 9 (RLIN) | 25746 |
| 245 ## - Título propiamente dicho | |
| Título | Hidroterapia: la cura por el agua |
| 260 ## - Pie de imprenta | |
| Lugar de publicación, distribución, etc. | México |
| 260 ## - Pie de imprenta | |
| Nombre del editor, distribuidor, etc. | Grupo Editorial Tomo |
| 260 ## - Pie de imprenta | |
| Fecha de publicación, distribución, etc. | 2000 |
| 300 ## - Descripción física | |
| Extensión | 116 páginas |
| 490 ## - Serie | |
| Título de la Serie | Temática general |
| 650 ## - Materia general | |
| Temática (materia general) | HIDROTERAPIA |
| 650 ## - Materia general | |
| Temática (materia general) | TERAPIAS |
| 942 ## - Punto de acceso adicional KOHA | |
| Tipo de ítem KOHA | Libro |
| Fuente del sistema de clasificación o colocación | Dewey Decimal Classification |
| Signatura completa | Código de barras | Tipo de ítem |
|---|---|---|
| 615.853 M828h | 320 | Libro |